00448nam a2200193Ia 4500008004000000041000800040082001100048100001700059245004900076250000500125260004800130300001100178650001300189650001400202650000700216650001200223650001300235650000600248210210b1942 xxu||||| |||| 00| 0 eng d aeng a388/52 aWELSON (J B) aPersonal accident disease and insurance Ed 3 a aLondonbSir Isaac Pitman & Sons Ltd.,c1942 avi,122 apersonal ainsurance aEd adisease aaccident a3